The world family encyclopedia Vol. 4 (Record no. 25242)

MARC details
000 -LEADER
fixed length control field 00372nam a2200133Ia 4500
005 - DATE AND TIME OF LATEST TRANSACTION
control field 20240821151445.0
008 - FIXED-LENGTH DATA ELEMENTS--GENERAL INFORMATION
fixed length control field 240821s9999||||xx |||||||||||||| ||und||
082 ## - DEWEY DECIMAL CLASSIFICATION NUMBER
Classification number 030 NEW (R-E)
100 ## - MAIN ENTRY--PERSONAL NAME
Personal name Hendelson, W.H.
245 #4 - TITLE STATEMENT
Title The world family encyclopedia Vol. 4
260 ## - PUBLICATION, DISTRIBUTION, ETC.
Place of publication, distribution, etc. USA
Name of publisher, distributor, etc. Standard International Library, Inc., N.Y.C.
Date of publication, distribution, etc. 1953
650 ## - SUBJECT ADDED ENTRY--TOPICAL TERM
Topical term or geographic name entry element Encyclopedia
942 ## - ADDED ENTRY ELEMENTS (KOHA)
Koha item type Book

No items available.